Pedagogía del aburrido: escuelas destituidas, familias perplejas

Saved in:
Bibliografiske detaljer
Main Authors: Corea, Cristina (Author), Lewkowicz, Ignacio (Author)
Format: Bog
Sprog:spansk
Udgivet: Buenos Aires Paidós 2004
Udgivelse:1a. ed
Serier:Paidós Educador, 177
Fag:
Tags: Tilføj Tag
Ingen Tags, Vær først til at tagge denne postø!

MARC

LEADER 00000nam a2200000 a 4500
001 UCJ2192
003 CL-VaPUC
008 061201e20040000AG |||||||||||||||||spa|d
020 |a 9501221776 
082 0 4 |a 370.1  |b COR  |2 21 
100 0 |a Corea, Cristina  |e author  |9 503109 
700 |a Lewkowicz, Ignacio  |e author  |9 531848 
245 1 0 |a Pedagogía del aburrido: escuelas destituidas, familias perplejas 
250 |a 1a. ed 
300 |a 214 p 
942 |c BK 
945 |d 20061201 00:00:00  |a cmena 
260 |a Buenos Aires  |b Paidós  |c 2004 
650 0 |a Sociología de la educación   |9 260380 
650 0 |a Cambio social   |9 256857 
650 0 |a Filosofía de la educación   |9 258384 
650 0 |a Gestión de la información   |9 362327 
583 |a last modification  |c 20061201 00:00:00  |k Rodrigo Vera 
490 0 |a Paidós Educador, 177 
999 |c 318542  |d 318540 
952 |0 0  |1 0  |4 0  |6 370_100000000000000_COR_2004  |7 0  |8 A  |9 396383  |a BIBEDU  |b BIBEDU  |d 2019-11-22  |i 4303776  |l 2  |m 2  |o 370.1 COR 2004  |p 4303776  |r 2024-11-04  |s 2024-09-17  |w 2019-11-22  |y BK  |k EBA 
952 |0 0  |1 0  |4 0  |6 370_100000000000000_COR_2004  |7 0  |8 A  |9 396384  |a BIBEDU  |b BIBEDU  |d 2019-11-22  |i 4497236  |l 1  |o 370.1 COR 2004  |p 4497236  |r 2024-06-03  |s 2024-05-20  |w 2019-11-22  |y BK  |k EPE